000 00827nam a2200277 i 4500
001 000030479
003 DO-SdBNP
005 20240704101933.0
007 ta
008 240704s2019 dr a 000 | spa d
020 _a9789593042536
040 _aDO-SdBNP
_bspa
_cBNPHU
_erda
082 4 _bP438a
_222
100 1 _aPérez, Olga Marta
_957105
_eautor
245 1 0 _aAlas en el cine /
_cOlga Marta Pérez
264 _aLa Habana, Cuba :
_bInstituto Cubano del Arte e Industria Cinematográficos,
_c2019
300 _a39 páginas :
_bilustraciones ;
_c22 cm.
336 _2rdacontent
_atexto
_btxt
337 _2rdamedia
_asin mediación
_bn
338 _2rdacarrier
_avolumen
_bnc
590 _aInventariado, 2024/DG
650 4 _aCuentos dominicanos
650 4 _aLiteratura dominicana
910 _aDG
942 _2ddc
_cLF2
999 _c57157
_d57157